Ten Most Banned Books - Statistics

General Stats
  • This quiz has been taken 369 times
  • The average score is 4 of 10
Answer Stats
Author Title % Correct
George Orwell 1984
89%
J.D. Salinger The Catcher in the Rye
70%
Mark Twain Adventures of Huckleberry Finn
55%
Aldous Huxley Brave New World
48%
William Golding Lord of the Flies
42%
Anthony Burgess A Clockwork Orange
29%
Stephen King The Shining
29%
Kurt Vonnegut, Jr. Slaughterhouse Five
28%
Ernest Hemingway A Farewell To Arms
18%
Ray Bradbury The Martian Chronicles
4%
No matching quizzes found
Score Distribution
Percent of People with Each Score
Percentile by Number Answered
Your Score History
You have not taken this quiz